All Governors of Nebraska - Statistics

General Stats
  • This quiz has been taken 2 times
  • The average score is 14 of 44
Answer Stats
Years Served Party Governor % Correct
1867 - 1871 Republican David Butler
100%
1925 - 1929 Republican Adam McMullen
50%
1929 - 1931 Republican Arthur J. Weaver
50%
1983 - 1987 Democrat Bob Kerrey
50%
1979 - 1983 Republican Charles Thone
50%
1923 - 1925 Democrat Charles W. Bryan
50%
1931 - 1935 Democrat Charles W. Bryan
50%
2005 - 2015 Republican Dave Heineman
50%
1960 - 1961 Republican Dwight W. Burney
50%
1891 Democrat James E. Boyd
50%
1892 - 1893 Democrat James E. Boyd
50%
2023 - Present Republican Jim Pillen
50%
1971 - 1979 Democrat J. James Exon
50%
1903 - 1907 Republican John H. Mickey
50%
1913 - 1917 Democrat John H. Morehead
50%
1887 - 1891 Republican John Milton Thayer
50%
1891 - 1892 Republican John Milton Thayer
50%
1987 - 1991 Republican Kay A. Orr
50%
1917 - 1919 Democrat Keith Neville
50%
1999 - 2005 Republican Mike Johanns
50%
1967 - 1971 Republican Norbert Tiemann
50%
2015 - 2023 Republican Pete Ricketts
50%
1959 - 1960 Democrat Ralph G. Brooks
50%
1953 - 1955 Republican Robert B. Crosby
50%
1935 - 1941 Democrat Robert Leroy Cochran
50%
1875 - 1879 Republican Silas Garber
50%
1899 - 1901 Fusion William A. Poynter
50%
1879 - 1883 Republican Albinus Nance
0%
1909 - 1911 Democrat Ashton C. Shallenberger
0%
1991 - 1999 Democrat Ben Nelson
0%
1901 Republican Charles Henry Dietrich
0%
1911 - 1913 Republican Chester Hardy Aldrich
0%
1941 - 1947 Republican Dwight Griswold
0%
1901 - 1903 Republican Ezra P. Savage
0%
1961 - 1967 Democrat Frank B. Morrison
0%
1907 - 1909 Republican George L. Sheldon
0%
1883 - 1887 Republican James W. Dawes
0%
1893 - 1895 Republican Lorenzo Crounse
0%
1873 - 1875 Republican Robert Wilkinson Furnas
0%
1919 - 1923 Republican Samuel Roy McKelvie
0%
1895 - 1899 Fusion Silas A. Holcomb
0%
1947 - 1953 Republican Val Peterson
0%
1955 - 1959 Republican Victor Emanuel Anderson
0%
1871 - 1873 Republican William H. James
0%
No matching quizzes found
Score Distribution
Percent of People with Each Score
Percentile by Number Answered
Your Score History
You have not taken this quiz